MDQL
is popping MORE tags! Check the
thread
!
Quizzes
Events
Quiz Creation
Community
Videos
Private Events
Remove Ads
Sign In
Join for FREE
Feedback
Dark Mode
Quiz Categories
Sports
Geography
Music
Movies
Television
Just For Fun
Miscellaneous
History
Literature
Language
Science
Gaming
Entertainment
Religion
Holiday
For Kids
Quiz Lab
Recent
Popular Today
Quiz Kudos Today
Editor Picks
Curator Picks
Quizzes by...
Day
Popularity
Type
Ratings
Length
Year
Community
Subscriptions
Recent Discussions
Orange Saloon
Badges
Playlists
Quests
Create
Leaderboards
Showdown
Live 5
Trivia Bingo
Activity
Puzzle Library
Sporcle Events
Private Events
Virtual Trivia
Globe League
Become a Host
Pub Owners
SporcleCon
Opinionation
Our Games
Videos
Blog
Mobile Apps
Partnerships
Remove Ads and Go Orange
Feedback
Geography
Country
Landmarks
City
State
Population
World
Capital
Continent
Flags
Europe
Africa
Asia
South America
North America
Oceania
Border
Canada
United Kingdom
Topography
United States
Geography
Country
Landmarks
City
State
Population
World
Capital
Continent
Flags
Europe
Africa
Asia
South America
North America
Oceania
Border
Canada
United Kingdom
Topography
United States
Random Quiz
Search Sporcle
×
Quiz Lab
Quiz Lab
Geography
Delta Airlines
Type in answers that appear in a list
Type in answers that appear in a list
Classic
Best Score? Go Orange.
A new flying begining Stats
Can you name the Delta Airlines Airport Station Game?
By
San757200
20m
240 Questions
52 Plays
52 Plays
52 Plays
Comments
Comments
Give Quiz Kudos
Give Quiz Kudos
-
- Ratings
hide this ad
Random Order
Randomize order of answers
Randomize order of answers
Replay
Link that replays current quiz
Next Quiz
Link to next quiz in quiz playlist
You Got
0%
They Got
Avg Score
32%
Avg Friend Score
Upgrade to see
Score Distribution
Jump to the score distribution portion of the page
Score
0/240
Timer
20:00
0
Plays Today
% Correct
JFK
90.4%
LAX
78.8%
LGA
76.9%
ATL
76.9%
ORD
71.2%
LHR
71.2%
BOS
69.2%
MCO
69.2%
SAN
69.2%
SEA
69.2%
MIA
67.3%
CLT
65.4%
DFW
65.4%
DTW
65.4%
SFO
65.4%
EWR
63.5%
IAH
63.5%
TPA
61.5%
CDG
61.5%
DCA
59.6%
IAD
59.6%
DEN
59.6%
PIT
57.7%
HNL
57.7%
LAS
57.7%
SLC
57.7%
AMS
57.7%
NRT
57.7%
PHL
55.8%
MSP
53.8%
MAD
53.8%
SYD
53.8%
DXB
51.9%
BWI
51.9%
MEM
51.9%
HOU
51.9%
PHX
51.9%
AUS
50%
MDW
50%
PDX
50%
PEK
50%
MKE
48.1%
STL
48.1%
DUB
48.1%
BNA
46.2%
RDU
46.2%
CLE
46.2%
MCI
46.2%
ANC
46.2%
SJC
46.2%
YYZ
46.2%
MEX
46.2%
FLL
44.2%
JAX
44.2%
RIC
44.2%
ABQ
44.2%
ELP
44.2%
SAT
44.2%
CVG
44.2%
OAK
44.2%
BKK
44.2%
FRA
44.2%
MAN
44.2%
SIN
44.2%
MSY
42.3%
OKC
42.3%
TUS
42.3%
ONT
42.3%
RNO
42.3%
SNA
42.3%
CUN
42.3%
HKG
42.3%
HND
42.3%
TUL
40.4%
IND
40.4%
BOI
40.4%
OGG
40.4%
ATH
40.4%
BRU
40.4%
ICN
40.4%
% Correct
IST
40.4%
BOG
38.5%
EZE
38.5%
SJU
38.5%
MOB
38.5%
JAC
38.5%
FCO
38.5%
PVG
38.5%
GRU
36.5%
JNB
36.5%
SAV
36.5%
OMA
36.5%
COS
36.5%
SMF
36.5%
YVR
36.5%
SJO
34.6%
ALB
34.6%
PVD
34.6%
CHA
34.6%
LEX
34.6%
FAI
34.6%
KOA
34.6%
DUS
34.6%
LIM
32.7%
TLV
32.7%
BUF
32.7%
ROC
32.7%
BHM
32.7%
CHS
32.7%
SDF
32.7%
GEG
32.7%
LGB
32.7%
LIH
32.7%
YUL
32.7%
TPE
32.7%
BDL
30.8%
ORF
30.8%
EYW
30.8%
RSW
30.8%
CMH
30.8%
FAR
30.8%
GRR
30.8%
BCN
30.8%
MUC
30.8%
ZRH
30.8%
GIG
28.8%
GUA
28.8%
LOS
28.8%
PUJ
28.8%
SYR
28.8%
DAY
28.8%
PVR
28.8%
MNL
28.8%
MXP
28.8%
CCS
26.9%
SCL
26.9%
AGS
26.9%
DAB
26.9%
GSO
26.9%
LIT
26.9%
PNS
26.9%
ROA
26.9%
SRQ
26.9%
TYS
26.9%
DSM
26.9%
MSN
26.9%
EGE
26.9%
SVO
26.9%
ACC
25%
NAS
25%
PTY
25%
STT
25%
PWM
25%
CAE
25%
GSP
25%
HSV
25%
MLB
25%
MYR
25%
PBI
25%
TLH
25%
% Correct
BIS
25%
BIL
25%
MSO
25%
SJD
25%
GUM
25%
NCE
25%
DKR
23.1%
KIN
23.1%
MHT
23.1%
PHF
23.1%
BTR
23.1%
ILM
23.1%
JAN
23.1%
TRI
23.1%
GRB
23.1%
RAP
23.1%
YYC
23.1%
BOM
23.1%
KEF
23.1%
KIX
23.1%
PRG
23.1%
SNN
23.1%
PAP
21.2%
MDT
21.2%
AVL
21.2%
CRW
21.2%
GPT
21.2%
VPS
21.2%
PSP
21.2%
GDL
21.2%
ARN
21.2%
CPH
21.2%
AUA
19.2%
SDQ
19.2%
UIO
19.2%
FAY
19.2%
MOT
19.2%
TVC
19.2%
VCE
19.2%
BDA
17.3%
LIR
17.3%
MBJ
17.3%
ECP
17.3%
BMI
17.3%
FNT
17.3%
ANU
15.4%
BSB
15.4%
BZE
15.4%
GEO
15.4%
MGA
15.4%
SAL
15.4%
SAP
15.4%
SXM
15.4%
UVF
15.4%
MTJ
15.4%
GCM
13.5%
PLS
13.5%
STI
13.5%
CAK
13.5%
HDN
13.5%
ZIH
13.5%
PSA
13.5%
STR
13.5%
FPO
11.5%
RTB
11.5%
TGU
11.5%
FSD
11.5%
MZT
11.5%
FUK
11.5%
BZM
9.6%
FCA
9.6%
CZM
9.6%
AGP
9.6%
NGO
9.6%
BON
7.7%
GND
7.7%
ROB
7.7%
SKB
7.7%
SPN
7.7%
ROR
5.8%
Quiz Playlist
Details
Report
Send in Message
Add To Playlist
Classic:
Type in answers that appear in a list
Random Order:
Randomize order of answers
Last Updated: Feb 16, 2017
Quiz Scoreboard
CHALLENGE
Sign Up to Join the Scoreboard
Show All
Scores
Hide
Comments
May contain spoilers
Recently Published
Holiday 10x10 Sorting Gallery
by lukepisani3
Holiday
15m
Two Season TV Shows II
by 123Four
Television
10m
Image Sorting: Flags VI
by Barbecue
Geography
2m
More to Explore
Quiz From the Vault
Featured Blog Post
14 Easter Pick-up Lines to Find Eggs With
hide this ad
You Might Also Like...
Tags
Airline
airport
delta
Delta Airlines
Flying
none
station
Today's Top Quizzes in Geography
Browse Geography
hide this ad
Top Contributed Quizzes in Geography
1
Colored Red Europe Blitz I
2
Countries of the World - No Outlines Minefield
3
Colored Red Africa Blitz II
4
Colored Red Europe Blitz II
5
Colored Red Europe Blitz III
6
Colored Red Africa Blitz III
7
Colored Red States Blitz I
8
A Different View: World Oceans
9
Colored Red States Blitz II
10
Colored Red States Blitz III
Explore More
Trending Topics
Anime
Harry Potter
Disney
NBA
Crossword
Marvel
Kpop
Pokémon
Country
Soccer
NFL
WWE
Song
The Office
Puzzle
hide this ad
More By:
San757200
Quiz
Plays
Rating
Category
Featured
Created
A new flying begining
52
4.00
Geography
Sep 16, 2015
Airport Game
30
2.00
Geography
Aug 8, 2015
Delta airport game
15
1.33
Geography
Aug 29, 2015
Airport games2
15
Geography
Aug 13, 2015
Go to Creator's Profile
Score Distribution
Quiz Creator Spotlight
San757200
Follow
Send a Message
Quizzes Created
-
Created Quiz Play Count
-
More By This Creator
Popular Quizzes Today
1
Find the US States - No Outlines Minefield
2
Colored Red Africa Blitz
3
Find the 'City' Movie
4
The Countries of the World
5
Find the US States
6
5x2 Blitz: Bands
7
Find the Countries of Europe - No Outlines Minefield
8
US States
More Geography Quizzes
What river runs through it
Curator's Pick
Trending Quizzes
Colored Red Europe Blitz I
Colored Red Europe Blitz II
Colored Red Africa Blitz II
Colored Red Africa Blitz III
Colored Red Europe Blitz III
Recently Updated
Odd Team Out - Big 4 Players
pecheneg
Quick Pick: 20 Twenties
pecheneg
March Madness Men's Triple Doubles
pecheneg
How Do You Spell That?
pecheneg
Godzilla Movies
pecheneg
Grab Bag: 4-10 Letters
pecheneg
2024 March Madness Bracket
pecheneg
Famous TV Couples
Peacemaker
Champions League XIs: Real Madrid
pecheneg
Largest US Cities 1790-2010
pecheneg
Trending Topics
Crossword
Marvel
Disney
Anime
Harry Potter
Kpop
NBA
The Office
Pokémon
Song
WWE
Soccer
Puzzle
NFL
Country
Your Account Isn't Verified!
In order to create a playlist on Sporcle, you need to verify the email address you used during registration. Go to your
Sporcle Settings
to finish the process.
Report this User
Report this user for behavior that violates our
Community Guidelines
.
Details:
Send Report
Go to the Sporcle.com Mobile Site →
Comments